• 首页
  • 本馆介绍
  • 公告通知
  • 最新文献
  • 馆藏检索
  • 电子资源
  • 读者导购
  • 参考咨询
  • 我的图书馆
  • 登录
  • 详细信息显示
  • 放入我的书架
  • 预约/预借图书
  • 作者相关作品
  • 分类相关作品
  • 丛书相关作品
  • 出版社相关作品

书目信息

  • 表格格式
  • 工作单格式
  • 卡片格式
题名:
行为决策理论
    
 
作者: 肖条军 著
分册:  
出版信息: 北京   科学出版社  2019
页数: 220页
开本: 24cm
丛书名: 当代中国管理科学优秀研究成果丛书
单 册:
中图分类: F036.3
科图分类:
主题词: 消费者行为论--研究
电子资源:
ISBN: 978-7-03-060973-1
000 00890nam0 2200265 450
001 012001005401
005 20140108165544.0
010    @a978-7-03-060973-1@dCNY116.00
100    @a20190921d2019 em y0chiy50 ea
101 0  @achi
102    @aCN@b110000
105    @ay z 000yy
106    @ar
200 1  @a行为决策理论@9xing wei jue ce li lun@e建模与分析@f肖条军著
210    @a北京@c科学出版社@d2019
215    @a220页@d24cm
225 1  @a当代中国管理科学优秀研究成果丛书
300    @a国家杰出青年科学基金研究成果
330    @a本书分为5章,各章内容分别为:消费者偏好与行为、企业风险态度与行为、企业社会行为与偏好、供应链管理行为决策、行为与偏好的演化。
461  0 @12001 @a当代中国管理科学优秀研究成果丛书
606 0  @a消费者行为论@x研究
690    @aF036.3@v5
701  0 @a肖条军@9xiao tiao jun@4著
801  0 @aCN@b江苏凤凰@c20191020
905    @b1213324-7@dF036.3@e67@f4
    
    行为决策理论:建模与分析/肖条军著.-北京:科学出版社,2019
    220页;24cm.-(当代中国管理科学优秀研究成果丛书)
    国家杰出青年科学基金研究成果
    
    ISBN 978-7-03-060973-1:CNY116.00
    本书分为5章,各章内容分别为:消费者偏好与行为、企业风险态度与行为、企业社会行为与偏好、供应链管理行为决策、行为与偏好的演化。
●
相关链接 在E读中查询图书 在五车中查询图书 在当当中查询图书 在豆瓣中查询图书


正题名:行为决策理论     索取号:F036.3/67         预约/预借

序号 登录号 条形码 馆藏地/架位号 状态 备注
1 1213324   212133243   第一样本阅览室/ [索取号:F036.3/67] 在馆    
2 1213325   212133252   教育系资料室/ [索取号:F036.3/67] 在馆    
3 1213326   212133261   教育系资料室/ [索取号:F036.3/67] 在馆    
4 1213327   212133270   第一借阅区/ [索取号:F036.3/67] 在馆    
唐山师范学院图书馆 欢迎您!
大连网信软件有限公司© 版权所有